Sports Quiz

Random Sports or Europe Quiz
Score 0/42 Timer 10:00
2 Plays Today
% Correct
England
88.1%
France
87.6%
Spain
86.9%
Portugal
86.5%
Italy
83.8%
Ireland
80.7%
Germany
79.4%
Greece
78.6%
Netherlands
78.4%
Wales
77.4%
Sweden
76.7%
Belgium
75.9%
Poland
73.6%
Norway
72.1%
Scotland
71.2%
Iceland
70.4%
Russia
69.6%
Ukraine
69.4%
Denmark
67.5%
Finland
62.1%
Czechia
60%
% Correct
Croatia
56.9%
Romania
54.7%
Northern Ireland
54.7%
Switzerland
54.1%
Bulgaria
46.5%
Serbia
45.5%
Austria
44.7%
Bosnia and Herzegovina
44.5%
Turkey
44.3%
Belarus
43.9%
Slovakia
43.7%
Hungary
43.7%
Latvia
32.3%
Estonia
32.2%
Lithuania
30.6%
Albania
27.7%
Montenegro
26.9%
Slovenia
24.8%
North Macedonia
19.4%
Cyprus
14.2%
Faroe Islands
13.7%
Remove Ads.
Support Sporcle.
Get the best of Sporcle when you Go Orange. This ad-free experience offers more features, more stats, and more fun while also helping to support Sporcle. Thank you for becoming a member.

You're not logged in!

Compare scores with friends on all Sporcle quizzes.
OR
Log In

Sporcle TV

Today on Sporcle TV


Watch our educational content, quiz creation guides, and fun videos on Sporcle TV.

Show Comments

Extras

Top Quizzes Today


Score Distribution

Paid Content

Your Account Isn't Verified!

In order to create a playlist on Sporcle, you need to verify the email address you used during registration. Go to your Sporcle Settings to finish the process.

Report this User

Report this user for behavior that violates our Community Guidelines.

Details: